Tous les médaillés olympiques sur 100 m - Athlétisme - Statistiques

Statistiques générales
  • Ce quiz a été pris 98 fois
    51 depuis la dernière actualisation
  • Le résultat moyen est 21 sur 91
Statistiques - réponses
Année Médaille Athlète Pays % Correct
2008 Or Usain Bolt Jamaïque
100%
2012 Or Usain Bolt Jamaïque
100%
2016 Or Usain Bolt Jamaïque
100%
2004 Or Justin Gatlin USA
84%
2012 Bronze Justin Gatlin USA
84%
2016 Argent Justin Gatlin USA
84%
2024 Or Noah Lyles USA
82%
2012 Argent Yohan Blake Jamaïque
79%
1984 Or Carl Lewis USA
76%
1988 Or Carl Lewis USA
76%
2016 Bronze Andre De Grasse Canada
74%
2020 Bronze Andre De Grasse Canada
74%
2020 Or Marcell Jacobs Italie
71%
2020 Argent Fred Kerley USA
58%
2024 Bronze Fred Kerley USA
58%
2024 Argent Kishane Thompson Jamaïque
55%
2000 Bronze Obadele Thompson Barbade
55%
2008 Argent Richard Thompson Trinité et Tobago
55%
1968 Bronze Charles Greene USA
50%
2000 Or Maurice Greene USA
50%
2004 Bronze Maurice Greene USA
50%
1936 Or Jesse Owens USA
42%
1984 Bronze Ben Johnson Canada
34%
1996 Or Donovan Bailey Canada
32%
1952 Bronze McDonald Bailey Royaume uni
32%
2004 Argent Francis Obikwelu Portugal
26%
1992 Argent Frank Fredericks Namibie
26%
1996 Argent Frank Fredericks Namibie
26%
2008 Bronze Walter Dix USA
26%
1996 Bronze Ato Boldon Trinité et Tobago
24%
2000 Argent Ato Boldon Trinité et Tobago
24%
1988 Argent Linford Christie Royaume uni
21%
1992 Or Linford Christie Royaume uni
21%
1964 Or Bob Hayes USA
18%
1988 Bronze Calvin Smith USA
16%
1968 Or Jim Hines USA
16%
1992 Bronze Dennis Mitchell USA
13%
1980 Or Allan Wells Royaume uni
11%
1972 Or Valeriy Borzov URSS
11%
1976 Bronze Valeriy Borzov URSS
11%
1900 Or Frank Jarvis USA
5%
1964 Bronze Harry Jerome Canada
5%
1976 Or Hasely Crawford Trinité et Tobago
5%
1924 Argent Jackson Scholz USA
5%
1896 Or Tom Burke USA
5%
1896 Bronze Alajos Szokolyi Hongrie
3%
1912 Argent Alvah Meyer USA
3%
1904 Or Archie Hahn USA
3%
1960 Or Armin Hary Allemagne (unifiée)
3%
1932 Bronze Arthur Jonath Allemagne
3%
1924 Bronze Arthur Porritt Nouvelle Zelande
3%
1948 Argent Barney Ewell USA
3%
1956 Or Bobby Joe Morrow USA
3%
1908 Bronze Bobby Kerr Canada
3%
1920 Or Charley Paddock USA
3%
1960 Argent David Sime USA
3%
1912 Bronze Don Lippincott USA
3%
1976 Argent Don Quarrie Jamaïque
3%
1932 Or Eddie Tolan USA
3%
1964 Argent Enrique Figuerola Cuba
3%
1896 Bronze Francis Lane USA
3%
1896 Argent Fritz Hofmann Allemagne
3%
1928 Bronze Georg Lammers Allemagne
3%
1924 Or Harold Abrahams Royaume uni
3%
1948 Or Harrison Dillard USA
3%
1920 Bronze Harry Edward Royaume uni
3%
1956 Bronze Hector Hogan Australie
3%
1952 Argent Herb McKenley Jamaïque
3%
1928 Argent Jack London Royaume uni
3%
1908 Argent James Rector USA
3%
1968 Argent Lennox Miller Jamaïque
3%
1972 Bronze Lennox Miller Jamaïque
3%
1952 Or Lindy Remigino USA
3%
1948 Bronze Lloyd LaBeach Panama
3%
1920 Argent Morris Kirksey USA
3%
1904 Argent Nate Cartmell USA
3%
1928 Or Percy Williams Canada
3%
1980 Bronze Petar Petrov Bulgarie
3%
1960 Bronze Peter Radford Royaume uni
3%
1912 Or Ralph Craig USA
3%
1932 Argent Ralph Metcalfe USA
3%
1936 Argent Ralph Metcalfe USA
3%
1908 Or Reggie Walker Afrique du sud
3%
1972 Argent Robert Taylor USA
3%
1984 Argent Sam Graddy USA
3%
1980 Argent Silvio Leonard Cuba
3%
1900 Bronze Stan Rowley Australie
3%
1956 Argent Thane Baker USA
3%
1936 Bronze Tinus Osendarp Pays Bas
3%
1900 Argent Walter Tewksbury USA
3%
1904 Bronze William Hogenson USA
3%
Aucun quiz correspondant
Distribution des résultats
% des personnes avec chaque résultat
Percentile par nombre de réponses
Votre historique - résultats
Vous n’avez pas pris ce quiz depuis la dernière actualisation